000 01062nam a2200229Ia 4500
999 _c39646
_d39646
001 6246
003 GE_BSU
005 20200217164319.0
008 181216s2012||||ge |||||||||||||| ||geo||
010 _a9789941923630
040 _cGE_BSU
041 _ageo
080 _a821.133.1-312.4 ვ-21
100 _aვარგასი, ფრედ.
_95302
245 _aწადი სწრაფად, დაბრუნდი გვიან :
_bდეტექტივი /
_cფრედ ვარგასი ; ფრანგ. თარგმნა თამარ ხოსრუაშვილმა ; დიზ. ნინო ხოსრუაშვილი.
264 _aთბილისი :
_bაგორა,
_c2012.
300 _a357 გვ. ;
_e19 სმ.
653 _aწადი სწრაფად, დაბრუნდი გვიან
653 _aდეტექტივი
700 _aხოსრუაშვილი, თამარ
_eფრანგულიდან თარგმნა
_97121
942 _cBK
_2udc